Every Place in Washington - Statistics

General Stats
  • This quiz has been taken 152 times
  • The average score is 54 of 639
Answers on the Map
Answers color-coded by a green-red scale on the quiz's map according to % correct below.
 
Answer Stats
Population Place % Correct
737,015 Seattle
86%
228,989 Spokane
78%
190,915 Vancouver
77%
55,605 Olympia
74%
219,346 Tacoma
69%
151,854 Bellevue
58%
96,968 Yakima
52%
110,629 Everett
51%
91,482 Bellingham
47%
102,976 Spokane Valley
46%
34,060 Walla Walla
45%
106,785 Renton
42%
136,588 Kent
40%
17,013 Aberdeen
37%
3,335 Forks
37%
32,901 Pullman
37%
83,921 Kennewick
36%
19,960 Port Angeles
36%
101,030 Federal Way
32%
73,256 Redmond
30%
60,560 Richland
29%
77,108 Pasco
28%
42,973 Puyallup
27%
87,256 Auburn
26%
31,454 SeaTac
26%
43,505 Bremerton
25%
1,688 Long Beach
25%
17,637 Anacortes
24%
53,526 Lacey
24%
37,818 Longview
24%
70,714 Marysville
24%
35,219 Mount Vernon
24%
35,508 Wenatchee
24%
18,183 Centralia
23%
18,666 Ellensburg
23%
92,175 Kirkland
23%
58,608 Shoreline
23%
25,146 Moses Lake
22%
24,825 Bainbridge Island
21%
5,884 Blaine
21%
7,439 Chehalis
21%
10,126 Snohomish
21%
2,263 Leavenworth
20%
7,235 Pacific
20%
67,455 Sammamish
20%
42,853 Edmonds
19%
40,051 Issaquah
19%
21,798 Tukwila
19%
25,350 Tumwater
19%
26,065 Camas
18%
32,888 Des Moines
18%
12,543 Enumclaw
18%
12,720 Kelso
18%
63,612 Lakewood
18%
7,576 Mead
18%
25,748 Mercer Island
18%
10,148 Port Townsend
18%
8,024 Sequim
18%
7,161 Clarkston
17%
6,715 Ocean Shores
17%
52,066 Burien
16%
4,222 Chelan
16%
809 George
16%
19,699 Monroe
16%
24,622 Oak Harbor
16%
1,191 Point Roberts
16%
14,121 Snoqualmie
16%
683 Union
16%
20,743 Battle Ground
15%
9,152 Burlington
15%
10,617 Yelm
15%
13,255 Cheney
14%
2,613 Friday Harbor
14%
12,029 Gig Harbor
14%
38,568 Lynnwood
14%
4,860 Omak
14%
16,295 West Richland
14%
48,161 Bothell
13%
2,446 Castle Rock
13%
2,782 Colfax
13%
935 Neah Bay
13%
2,114 Newport
13%
1,389 Pomeroy
13%
2,369 Rainier
13%
16,375 Sunnyside
13%
17,039 Washougal
13%
2,213 Westport
13%
22,487 Bonney Lake
12%
2,157 Cle Elum
12%
14,158 East Wenatchee
12%
10,999 Fife
12%
8,776 Hoquiam
12%
236 Humptulips
12%
21,538 Mukilteo
12%
15,587 Port Orchard
12%
6,062 Prosser
12%
10,371 Shelton
12%
1,747 West Pasco
12%
10,757 Airway Heights
11%
1,204 Asotin
11%
4,917 Colville
11%
32,658 Graham
11%
35,630 Lake Stevens
11%
28,013 Maple Valley
11%
1,036 Morton
11%
7,461 North Bend
11%
27,729 Orchards
11%
8,549 Othello
11%
11,975 Poulsbo
11%
64,708 South Hill
11%
35,476 Spanaway
11%
1,491 Stevenson
11%
8,854 Toppenish
11%
34,866 University Place
11%
11,055 Vashon
11%
2,485 White Salmon
11%
13,069 Woodinville
11%
3,479 Benton City
10%
2,448 Dayton
10%
10,151 DuPont
10%
20,973 Five Corners
10%
14,052 Fort Lewis
10%
3,453 Goldendale
10%
972 Grand Coulee
10%
32 Malo
10%
8,697 Milton
10%
4,138 Montesano
10%
768 Mossyrock
10%
13,017 Newcastle
10%
1,814 Ocean Park
10%
3,081 Raymond
10%
20,733 Silverdale
10%
1,746 South Bend
10%
1,583 Sumas
10%
631 Toledo
10%
6,531 Woodland
10%
19,868 Arlington
9%
778 Bingen
9%
4,697 Black Diamond
9%
560 Cathlamet
9%
7,275 Clarkston Heights-Vineland
9%
9,902 College Place
9%
1,328 Dallesport
9%
4,383 Deer Park
9%
2,845 Eatonville
9%
12,327 Edgewood
9%
8,477 Ephrata
9%
562 Garfield
9%
23,569 Hazel Dell
9%
1,087 Ilwaco
9%
2,959 Kalama
9%
12,003 Liberty Lake
9%
11,871 Minnehaha
9%
6,771 Normandy Park
9%
2,379 Okanogan
9%
7,543 Quincy
9%
10,319 Ridgefield
9%
1,767 Ritzville
9%
152 Roosevelt
9%
12,421 Sedro-Woolley
9%
6,727 Steilacoom
9%
5,146 Sultan
9%
389 Uniontown
9%
629 Vader
9%
16,631 White Center
9%
212 Alder
8%
25 Anatone
8%
17,356 Camano
8%
2,158 Carnation
8%
2,323 Carson
8%
2,470 Chewelah
8%
401 Colton
8%
801 Concrete
8%
447 Copalis Beach
8%
1,638 Cosmopolis
8%
22,857 Cottage Lake
8%
549 Coulee City
8%
1,703 Davenport
8%
956 Electric City
8%
3,438 Elma
8%
131 Farmington
8%
2,403 Gold Bar
8%
10,907 Grandview
8%
2,515 Kingston
8%
1,438 Kittitas
8%
3,424 La Center
8%
12,962 Lake Tapps
8%
1,860 Lewisville
8%
5,714 Manchester
8%
1,997 McCleary
8%
4,874 Medical Lake
8%
2,915 Medina
8%
20,926 Mill Creek
8%
21,286 Mountlake Terrace
8%
1,084 Naches
8%
1,888 Napavine
8%
1,397 North Bonneville
8%
395 Oakesdale
8%
715 Oakville
8%
232 Ocean City
8%
1,795 Oroville
8%
319 Packwood
8%
1,015 Palouse
8%
38,623 Parkland
8%
106 Pataha
8%
642 Pe Ell
8%
320 Qui-nai-elt Village
8%
992 Republic
8%
329 Riverside
8%
21,293 Salmon Creek
8%
1,691 Soap Lake
8%
599 St. John
8%
776 Taholah
8%
817 Tekoa
8%
1,472 Winlock
8%
1,668 Yacolt
8%
3,179 Zillah
8%
550 Albion
7%
13,641 Artondale
7%
253 Bay Center
7%
10,115 Birch Bay
7%
6,560 Brier
7%
1,263 Browns Point
7%
2,749 Brush Prairie
7%
5,114 Buckley
7%
3,499 Burbank
7%
2,841 Central Park
7%
386 Clallam Bay
7%
956 Clinton
7%
5,441 Connell
7%
118 Cougar
7%
1,211 Coulee Dam
7%
578 East Cathlamet
7%
589 Fairfield
7%
10,541 | 19,396 Fairwood
7%
15,048 Ferndale
7%
7,156 Fircrest
7%
3,301 Grand Mound
7%
3,624 Granger
7%
4,450 Granite Falls
7%
847 Grayland
7%
585 Harrah
7%
6,767 Hobart
7%
23,914 Kenmore
7%
965 La Conner
7%
297 LaCrosse
7%
15,749 Lynden
7%
1,959 Mabton
7%
162 Metaline
7%
211 Moclips
7%
280 Pacific Beach
7%
204 Porter
7%
6,064 Rochester
7%
522 Rockford
7%
598 Rosalia
7%
816 Roy
7%
1,055 Ruston
7%
8,153 Selah
7%
161 Skykomish
7%
1,522 South Wenatchee
7%
7,705 Stanwood
7%
119 Starbuck
7%
160 Steptoe
7%
8,270 Summit
7%
1,870 Tenino
7%
1,389 Tieton
7%
158 Tokeland
7%
5,068 Town and Country
7%
992 Twisp
7%
4,607 Wapato
7%
5,488 West Clarkston-Highland
7%
789 White Swan
7%
3,274 Alderton
6%
3,290 Algona
6%
56 Altoona
6%
1,800 Amboy
6%
317 Beaux Arts Village
6%
1,983 Brewster
6%
2,141 Bridgeport
6%
17,397 Bryn Mawr-Skyway
6%
1,048 Buena
6%
734 Carbonado
6%
3,248 Cashmere
6%
457 Chinook
6%
114 Cliffdell
6%
771 Cohassett Beach
6%
1,942 Coupeville
6%
20,777 Covington
6%
1,462 Darrington
6%
8,034 Duvall
6%
39 Elbe
6%
14,534 Elk Plain
6%
312 Endicott
6%
2,888 Everson
6%
2,234 Fords Prairie
6%
86 Hogans Corner
6%
155 Index
6%
1,636 Kettle Falls
6%
320 Klickitat
6%
121 La Grande
6%
13,630 Lake Forest Park
6%
7,056 Lake Shore
6%
79 Lamont
6%
3,834 Lexington
6%
535 Lind
6%
216 Malden
6%
468 Malone
6%
11,277 Maltby
6%
119 Markham
6%
55 Maryhill
6%
2,758 Meadow Glade
6%
272 Metaline Falls
6%
4,326 Moxee
6%
421 Naselle
6%
180 Nespelem
6%
1,471 Nooksack
6%
297 Northport
6%
502 Ocosta
6%
317 Outlook
6%
79 Oyehut
6%
598 Quilcene
6%
615 Skokomish
6%
559 South Cle Elum
6%
373 South Prairie
6%
280 Spangle
6%
234 Springdale
6%
10,621 Sumner
6%
1,103 Tonasket
6%
6,568 Union Gap
6%
22,683 Union Hill-Novelty Hill
6%
1,166 Waitsburg
6%
2,449 Warden
6%
1,134 Waterville
6%
121 Waverly
6%
208 Willapa
6%
504 Winthrop
6%
1,134 Yarrow Point
6%
279 Aberdeen Gardens
5%
229 Acme
5%
162 Amanda Park
5%
1,524 Ames Lake
5%
1,302 Anderson Island
5%
303 Ashford
5%
8,567 Barberton
5%
2,211 Beacon Hill
5%
4,279 Belfair
5%
92 Bickleton
5%
22,015 Bothell West
5%
692 Brady
5%
94 Centerville
5%
340 Chelan Falls
5%
588 Cherry Grove
5%
1,228 | 1,578 Clear Lake
5%
3,126 Clyde Hill
5%
193 Conconully
5%
153 Cusick
5%
518 Custer
5%
963 Dash Point
5%
172 Donald
5%
1,718 Duluth
5%
407 Easton
5%
11,937 East Renton Highlands
5%
239 Elmer City
5%
2,032 Fall City
5%
9,526 Felida
5%
1,882 Fife Heights
5%
6,152 Finley
5%
3,921 Fox Island
5%
24,906 Frederickson
5%
179 Glenwood
5%
248 Grays River
5%
95 Greenwater
5%
299 Hamilton
5%
3,140 High Bridge
5%
1,543 Home
5%
457 Hunts Point
5%
20 Ketron Island
5%
49 Krupp
5%
13,663 Lakeland North
5%
13,169 Lakeland South
5%
10,474 Lake Morton-Berrydale
5%
15,413 Lake Stickney
5%
185 Latah
5%
150 Lebam
5%
4,033 Longview Heights
5%
898 Loon Lake
5%
518 Lyle
5%
423 Lyman
5%
21,660 Martha Lake
5%
385 Mesa
5%
9,962 Midland
5%
1,881 Millwood
5%
10,051 Mount Vista
5%
299 Neilton
5%
283 Nespelem Community
5%
146 Nile
5%
651 North Omak
5%
896 Odessa
5%
657 Onalaska
5%
6,299 Otis Orchards-East Farms
5%
158 Parker
5%
593 Pateros
5%
1,010 Port Gamble Tribal Community
5%
922 Puget Island
5%
136 Queets
5%
90 Rockport
5%
950 Roslyn
5%
1,776 Royal City
5%
383 Ryderwood
5%
52 Santiago
5%
487 Skamokawa Valley
5%
372 Snoqualmie Pass
5%
495 Sprague
5%
6,354 Sudden Valley
5%
9,758 Summit View
5%
2,066 Summitview
5%
5,413 Suncrest
5%
4,041 Sunnyslope
5%
467 Tampico
5%
9,244 Terrace Heights
5%
672 Trout Lake
5%
178 Upper Elochoman
5%
3,990 Venersborg
5%
2,286 Walla Walla East
5%
8,189 Waller
5%
499 Wilkeson
5%
366 Wishram
5%
1,318 Woodway
5%
210 Addy
4%
4,046 Ahtanum
4%
2,194 Allyn
4%
1,063 Basin City
4%
812 Bay View
4%
4,073 Bethel
4%
108 Blyn
4%
34 Boyds
4%
600 Bucoda
4%
2,081 Burley
4%
420 Clayton
4%
6,251 Country Homes
4%
325 Crescent Bar
4%
217 Deep River
4%
47 Disautel
4%
24,059 Eastmont
4%
1,326 Entiat
4%
441 Eschbach
4%
2,061 Fern Prairie
4%
537 Four Lakes
4%
2,252 Freeland
4%
300 Glacier
4%
2,873 Gleed
4%
991 Grapeview
4%
697 Green Bluff
4%
429 Harrington
4%
180 Hartline
4%
91 Hat Island
4%
6,105 Hockinson
4%
419 Hoodsport
4%
428 Ione
4%
412 Jamestown
4%
147 Kahlotus
4%
229 Keller
4%
1,334 Lake Marcel-Stillwater
4%
1,147 Langley
4%
275 Lower Elochoman
4%
464 Malott
4%
326 Mansfield
4%
1,523 Manson
4%
286 Marblemount
4%
216 Marcus
4%
3,335 Mattawa
4%
92 Methow
4%
24,912 Mill Creek East
4%
193 Mineral
4%
4,050 Moses Lake North
4%
22,802 North Lynnwood
4%
9,041 Orting
4%
172 Oso
4%
9,768 Picnic Point
4%
3,159 Port Angeles East
4%
3,983 Port Hadlock-Irondale
4%
2,959 Port Ludlow
4%
12,288 Prairie Ridge
4%
372 Prescott
4%
555 Ravensdale
4%
495 River Road
4%
662 Roche Harbor
4%
1,279 Rock Island
4%
340 Rosburg
4%
696 Satsop
4%
179 Sunland Estates
4%
839 Swede Heaven
4%
6,265 Tanglewilde
4%
5,784 Tehaleh
4%
425 Touchet
4%
5,967 Tracyton
4%
149 Valley
4%
54 Vantage
4%
140 Wallula
4%
74 Wheeler
4%
895 Wilbur
4%
204 Wilson Creek
4%
507 Alger
3%
318 Almira
3%
234 Banks Lake South
3%
255 Baring
3%
875 Bell Hill
3%
266 Beverly
3%
2,980 Big Lake
3%
13,970 Bothell East
3%
4,094 Boulevard Park
3%
203 Bow
3%
2,128 Bryant
3%
3,680 Bunk Foss
3%
3,572 Canterwood
3%
3,445 Canyon Creek
3%
1,100 Carlsborg
3%
4,332 Cascade Valley
3%
2,647 Cathcart
3%
87 Conway
3%
535 Cowiche
3%
213 Creston
3%
105 Curlew
3%
51 Danville
3%
339 Deming
3%
2,288 Desert Aire
3%
1,246 Dollars Corner
3%
5,262 East Port Orchard
3%
240 Edison
3%
916 Erlands Point
3%
2,695 Fairchild AFB
3%
2,628 Fobes Hill
3%
1,771 Garrett
3%
2,652 Geneva
3%
3,410 Hansville
3%
79 Hatton
3%
150 Herron Island
3%
431 Inchelium
3%
372 Kapowsin
3%
769 Kendall
3%
3,863 Key Center
3%
576 Keyport
3%
1,997 Kitsap Lake
3%
200 Lake Cavanaugh
3%
3,430 Lake Holm
3%
1,268 Lake Ketchum
3%
1,068 Lakeview
3%
4 Laurier
3%
161 Loomis
3%
3,873 Maple Heights-Lake Desire
3%
5,469 Maplewood
3%
405 Marine View
3%
995 Marrowstone
3%
678 McKenna
3%
1,624 McMillin
3%
3,858 Mirrormont
3%
2,759 Navy Yard City
3%
668 Nisqually Indian Community
3%
1,837 North Puyallup
3%
3,140 North Yelm
3%
3,015 Peaceful Valley
3%
4,561 Prairie Heights
3%
1,668 Purdy
3%
637 Reardan
3%
1,615 Rocky Point
3%
215 Schwana
3%
24 Sekiu
3%
2,396 Shadow Lake
3%
97 Silvana
3%
22,174 Silver Firs
3%
2,519 South Creek
3%
232 Thorp
3%
3,941 Three Lakes
3%
43 Torboy
3%
2,990 Warm Beach
3%
211 Washtucna
3%
4,421 Wauna
3%
6,769 Wollochet
3%
10,198 Alderwood Manor
2%
2,477 Arlington Heights
2%
5,482 Bangor Base
2%
114 Barney's Junction
2%
66 Barstow
2%
907 Brinnon
2%
5,232 Cavalero
2%
2,723 Chico
2%
3,648 Clearview
2%
7,161 Clover Creek
2%
1,450 Crocker
2%
512 Curlew Lake
2%
225 Dixie
2%
2,497 Enetai
2%
605 Gorst
2%
3,664 Indianola
2%
868 Lake Bosworth
2%
4,462 Lake Goodwin
2%
382 Lake McMurray
2%
611 Lake Roesiger
2%
2,806 Lochsloy
2%
2,211 Lofall
2%
4,141 Longbranch
2%
1,264 Machias
2%
291 Maple Falls
2%
4,015 Marietta-Alderwood
2%
849 May Creek
2%
3,188 McChord AFB
2%
5,978 North Fort Lewis
2%
256 North Sultan
2%
75 Orient
2%
7,635 Parkwood
2%
129 Pine Grove
2%
490 Raft Island
2%
2,123 Riverbend
2%
439 Ronald
2%
4,357 Rosedale
2%
1,143 Seabeck
2%
2,362 Southworth
2%
859 Startup
2%
4,266 Suquamish
2%
565 Vaughn
2%
340 Verlot
2%
1,671 Whidbey Island Station
2%
1,617 Wilderness Rim
2%
6,017 Woods Creek
2%
4,007 Esperance
1%
3,757 Lake Cassidy
1%
4,993 Larch Way
1%
3,148 Meadowdale
1%
1,796 Monroe North
1%
137 Northwest Stanwood
1%
774 Riverpoint
1%
3,140 Sisco Heights
1%
2,087 Stansberry Lake
1%
99 Twin Lakes
1%
4,806 Chain Lake
0%
1,883 Kayak Point
0%
1,184 Sunday Lake
0%
No matching quizzes found
Score Distribution
Percent of People with Each Score
Percentile by Number Answered
Your Score History
You have not taken this quiz